| 000 | 00487nam a22001697a 4500 | ||
|---|---|---|---|
| 005 | 20251126182356.0 | ||
| 008 | 251120b |||||||| |||| 00| 0 eng d | ||
| 020 | _a978-81-938138-0-5 | ||
| 041 | _aeng | ||
| 082 | _a615.6 MOH-A | ||
| 100 |
_aMOHAMMED, DR. YASMEEN BEGUM AND SRAVYA, MOHAMMED G. _98756 |
||
| 245 | _aADVANCE IN DRUG DELIVERY SYSTEM: EXPERIMENTALLY POSSIBLE | ||
| 260 |
_aHYDERABAD _bTAURUS PUBLISHERS |
||
| 300 | _a234;P | ||
| 650 |
_aPHARMACY _xB.PHARMA |
||
| 942 | _cBK | ||
| 999 |
_c8929 _d8927 |
||